|
|
|
|
| LEADER |
01736nam a2200421 i 4500 |
| 001 |
EBC7237977 |
| 003 |
MiAaPQ |
| 005 |
20230613130025.0 |
| 006 |
m o d | |
| 007 |
cr cnu|||||||| |
| 008 |
230613s2023 nyu ob 001 0 eng d |
| 020 |
|
|
|z 9781032451800
|q (print)
|
| 020 |
|
|
|a 9781000899603
|q (electronic bk.)
|
| 035 |
|
|
|a (MiAaPQ)EBC7237977
|
| 035 |
|
|
|a (Au-PeEL)EBL7237977
|
| 035 |
|
|
|a (OCoLC)1376931373
|
| 040 |
|
|
|a MiAaPQ
|b eng
|e rda
|e pn
|c MiAaPQ
|d MiAaPQ
|
| 050 |
|
4 |
|a BJ1298
|b .S284 2023
|
| 082 |
0 |
|
|a 124
|2 23
|
| 100 |
1 |
|
|a Sauer, Hanno,
|e author.
|
| 245 |
1 |
0 |
|a Moral teleology :
|b a theory of progress /
|c Hanno Sauer.
|
| 264 |
|
1 |
|a New York, NY :
|b Routledge,
|c [2023]
|
| 264 |
|
4 |
|c Ã2023
|
| 300 |
|
|
|a 1 online resource (viii, 217 pages).
|
| 336 |
|
|
|a text
|b txt
|2 rdacontent
|
| 337 |
|
|
|a computer
|b c
|2 rdamedia
|
| 338 |
|
|
|a online resource
|b cr
|2 rdacarrier
|
| 490 |
1 |
|
|a Routledge studies in ethics and moral theory
|
| 504 |
|
|
|a Includes bibliographical references and index.
|
| 588 |
|
|
|a Description based on print version record.
|
| 590 |
|
|
|a Electronic reproduction. Ann Arbor, MI : ProQuest, 2018. Available via World Wide Web. Access may be limited to ProQuest affiliated libraries.
|
| 650 |
|
0 |
|a Ethics, Evolutionary.
|
| 650 |
|
0 |
|a Teleology.
|
| 655 |
|
4 |
|a Electronic books.
|
| 776 |
0 |
8 |
|i Print version:
|a Sauer, Hanno.
|t Moral Teleology : A Theory of Progress.
|d New York, NY : Routledge, c2023
|h viii, 217 pages
|k Routledge studies in ethics and moral theory.
|z 9781032451800
|w (DLC) 2022061263
|
| 797 |
2 |
|
|a ProQuest (Firm)
|
| 830 |
|
0 |
|a Routledge studies in ethics and moral theory.
|
| 856 |
4 |
0 |
|u https://ebookcentral.proquest.com/lib/matrademy/detail.action?docID=7237977
|z Click to View
|